000 00899nam a2200301Ia 4500
001 9169
003 IT-RoPAU
008 130308s9999 xx 000 0 und d
040 _aIT-RoPAU
040 _cIT-RoPAU
041 _aITALIANO
100 _aCastaneda Hector-Neri
100 _gCodice Aut. SPICS: 8326
245 _aDuplice struttura e l'unità del pensiero pratico (La)
245 _bLogica Deontica e Semantica
250 _a1a ed.
260 _aBOLOGNA
260 _bIl Mulino
260 _c1977 [1° Ed.:1977 - Ed.Ling.Originale:1975]
300 _a"37 p. (prefazione: no ; testo: 37 [pagine: 213-249])"
500 _aTesi Centrale del pensiero pratico Prescrizioni Intenzioni giudizi Deontici Sistema Fondamentale di Logica Deontica
650 _aSEMANTICA
650 _eCodice materia Spics: 3301
942 _cBK
957 _71
999 _c41651
_d41651
999 _bSI
999 _g1